Statistics for management and economics /
What is statistics? Describing sets of measurements. Probability. Random variables and probability distributions. Three useful discrete probability distributions. The normal and other continuous probability distributions. Sampling and sampling distributions. Large-sample estimation. Large-sample tes...
Shranjeno v:
| Glavni avtor: | |
|---|---|
| Drugi avtorji: | , |
| Format: | Knjiga |
| Jezik: | English |
| Izdano: |
Belmont, Calif. :
Duxbury Press,
1993.
|
| Izdaja: | 7th ed. |
| Teme: | |
| Oznake: |
Označite
Brez oznak, prvi označite!
|
| Thư viện lưu trữ: | Mạng thư viện Đại học Đà Nẵng |
|---|
| LEADER | 01706cam a2200397 i 4500 | ||
|---|---|---|---|
| 001 | 000049692 | ||
| 003 | 9703 | ||
| 005 | 20051111144311.0 | ||
| 008 | 010406b1993 vm 000 eng | ||
| 020 | |a 0534932991 | ||
| 040 | |a IRC |c IRC |d IRC | ||
| 041 | 0 | |a eng | |
| 082 | 1 | 4 | |a 519.5 |b ME-W |
| 100 | 1 | |a Mendenhall, William. | |
| 245 | 0 | 0 | |a Statistics for management and economics / |c William Mendenhall, James E. Reinmuth, Robert J. Beaver. |
| 250 | |a 7th ed. | ||
| 260 | |a Belmont, Calif. : |b Duxbury Press, |c 1993. | ||
| 300 | |a xvii, 1062 p. : |b ill. ; |c 26cm. | ||
| 520 | 3 | |a What is statistics? Describing sets of measurements. Probability. Random variables and probability distributions. Three useful discrete probability distributions. The normal and other continuous probability distributions. Sampling and sampling distributions. Large-sample estimation. Large-sample tests of hypotheses. Inferences from small samples. The analysis of variance. Linear regression and correlation. Multiple linear regression. Elements of time series analysis. Forecasting based on time series models. Quality control techniques. Survey sampling. Analysis of enumerative data. Nonparametric statistical methods. The decision analysis process. | |
| 630 | 0 | 4 | |a Statistics. |
| 630 | 0 | 4 | |a Economics. |
| 630 | 0 | 4 | |a Management. |
| 650 | 0 | 4 | |a Statistics. |
| 650 | 0 | 4 | |a Social sciences |x Statistical methods. |
| 700 | 1 | |a Beaver, Robert J. | |
| 700 | 1 | |a Reinmuth, James E. | |
| OWN | |a DUT | ||
| 999 | |a From the UDN01 | ||
| TYP | |a Monograph | ||
| TYP | |a Printed language | ||
| 980 | |a Mạng thư viện Đại học Đà Nẵng | ||


